LEADER 02987nam 2200577 450 001 9910480570203321 005 20180613001258.0 010 $a1-4704-0798-1 035 $a(CKB)3360000000464562 035 $a(EBL)3113881 035 $a(SSID)ssj0000889220 035 $a(PQKBManifestationID)11493933 035 $a(PQKBTitleCode)TC0000889220 035 $a(PQKBWorkID)10876495 035 $a(PQKB)11481046 035 $a(MiAaPQ)EBC3113881 035 $a(PPN)195412613 035 $a(EXLCZ)993360000000464562 100 $a20140908h19871987 uy 0 101 0 $aeng 135 $aur|n|---||||| 181 $ctxt 182 $cc 183 $acr 200 00$aSome topological and geometrical structures in Banach spaces /$fN. Ghoussoub [and three others] 210 1$aProvidence, Rhode Island :$cAmerican Mathematical Society,$d1987. 210 4$d©1987 215 $a1 online resource (123 p.) 225 1 $aMemoirs of the American Mathematical Society,$x0065-9266 ;$vVolume 70, Number 378 300 $a"November 1987, Volume 70, Number 378 (end of volume)." 311 $a0-8218-2441-4 320 $aIncludes bibliographical references. 327 $a""Contents""; ""0. Introduction""; ""I. First class functions around a subset of a Polish space""; ""A. Characterizations of first class functions around sets""; ""B. Spaces of continuous functions and convergence around sets""; ""C. Compact families of first class functions around a subset of a Polish space""; ""II. Affine and first class functions around a subset of a convex compact""; ""III. Dentability and related notions in Banach spaces""; ""A. Some geometrical properties of subsets of Banach spaces""; ""B. Extension of the above properties to operators"" 327 $a""IV. Operators from L[sup(1)][0,1] into Banach spaces""""A. The structure of the positive face of the unit ball of L[sup(1)]""; ""B. Equimeasurable sets and Radon-Nikodym operators""; ""C. Sets of small oscillation and strongly regular operators""; ""D. Sets of regular oscillation and regular operators""; ""V. A characterization of strongly regular Banach spaces""; ""VI. On w*-regular sets in dual Banach spaces""; ""A. On the topological structure of w*-regular sets""; ""B. w*-regularity and the w*-Radon-Nikodym property""; ""C. Regular w*-compact convex sets"" 410 0$aMemoirs of the American Mathematical Society ;$vVolume 70, Number 378. 606 $aBanach spaces 606 $aConvexity spaces 606 $aBanach spaces$xRadon-Nikodym property 608 $aElectronic books. 615 0$aBanach spaces. 615 0$aConvexity spaces. 615 0$aBanach spaces$xRadon-Nikodym property. 676 $a515.7/32 702 $aGhoussoub$b N$g(Nassif),$f1953- 801 0$bMiAaPQ 801 1$bMiAaPQ 801 2$bMiAaPQ 906 $aBOOK 912 $a9910480570203321 996 $aSome topological and geometrical structures in Banach spaces$91908037 997 $aUNINA LEADER 01542nam2 2200349 i 450 001 RMG0026997 005 20251003044337.0 010 $a8814066485 020 $aIT$b99-1639 100 $a20130827d1998 ||||0itac50 ba 101 | $aita$aeng$aspa 102 $ait 181 1$6z01$ai $bxxxe 182 1$6z01$an 183 1$6z01$anc$2RDAcarrier 200 1 $aˆ1: ‰Diritto del lavoro 210 $aMilano$cA. Giuffrè$d1998 215 $aXXIV, 710 p., [1! c. di tav.$c1 ritr.$d24 cm. 225 | $aSeminario giuridico della Università di Bologna$v178 410 0$1001CFI0012430$12001 $aSeminario giuridico della Università di Bologna$v178$171201$aUniversità degli studi di Bologna$b : Seminario giuridico$3CFIV007480 461 1$1001RMG0026996$12001 $aScritti in onore di Giuseppe Federico Mancini$v1 606 $aDIRITTO DEL LAVORO$xSAGGI$2FIR$3MILC011339$9I 676 $a344.01$9DIRITTO DEL LAVORO$v22 686 $aIT/X436.1$cLEGISLAZIONE E CONTRATTI DI LAVORO ITALIA$2R 686 $aX30.6$cLAVORO$2R 801 3$aIT$bIT-000000$c20130827 850 $aIT-BN0095 912 $aRMG0026997 950 2$aBiblioteca Centralizzata di Ateneo$cv. 1$d 01D (AR) 23 246$e 01AR 0700232465 VMA A4(0001 v. 1$fY $h19980629$i20181205$c1 v. in due copie$d 01D (AR) 27 027$e 01AR 0700270275 VMA (0001 1 v. (2. copia)$fY $h20241119$i20241119 977 $a 01 996 $aDiritto del lavoro$957896 997 $aUNISANNIO